Adam Sandler Movies: Multiple Choice - Statistics

General Stats
  • This quiz has been taken 1,636 times
  • The average score is 13 of 15
Answer Stats
Question Answer % Correct
Which one? Grown Ups
98%
Which one? Happy Gilmore
98%
Which one? 50 First Dates
97%
Which one? Big Daddy
96%
Which one? Click
96%
Which one? The Wedding Singer
96%
Which one? The Waterboy
95%
Which one? Billy Madison
92%
Which one? Anger Management
89%
Which one? Jack & Jill
86%
Which one? Mr. Deeds
85%
Which one? Spanglish
81%
Which one? You Don't Mess With the Zohan
80%
Which one? Funny People
73%
Which one? Blended
66%
No matching quizzes found
Score Distribution
Percent of People with Each Score
Percentile by Number Answered
Your Score History
You have not taken this quiz